| 000 | 00515nam a22001697a 4500 | ||
|---|---|---|---|
| 999 |
_c190095 _d190095 |
||
| 005 | 20220718151853.0 | ||
| 010 | _aENG-133648 | ||
| 020 |
_a9788181523624 _c1495.00 |
||
| 035 | _aEN-117180 | ||
| 037 | _bDBAD/PUB | ||
| 100 | _aRaju, P.S. Rama | ||
| 245 |
_aHuman Right And Social Welfare/ _cP.S. Rama Raju |
||
| 260 |
_aJaipur _bBook Enclave _c2015 |
||
| 270 |
_aF-11, S.S. Tower,Dhamani Street ,Chaura Rasta _bJaipur _e302003 |
||
| 300 |
_a294p. _c24cm(Pbk) _bIndex |
||
| 942 |
_2ddc _cEN _h323 _mRAJ |
||